000 00569nam a2200181Ia 4500
008 100920s9999 xx 000 0 und d
082 _b46573
_a24 थ 83
100 _aप्रधान श्रीधर.
245 _aकसोटीचे क्षण.
260 _bमनोरमा प्रकाशन ,मुंबई.
_c1983
300 _a230
_bसाधी
365 _b45
520 _aसायो.
630 _aकसोटीचे क्षण.
650 _aसायो.
730 _aकसोटीचे क्षण.
942 _cBOOK
999 _c694357
_d694354